Technician's guide to programmable controllers / (Record no. 22209)
[ view plain ]
| 000 -LEADER | |
|---|---|
| fixed length control field | 02360cam a22003615a 4500 |
| 001 - CONTROL NUMBER | |
| control field | 16944414 |
| 005 - DATE AND TIME OF LATEST TRANSACTION | |
| control field | 20160823150254.0 |
| 008 - FIXED-LENGTH DATA ELEMENTS--GENERAL INFORMATION | |
| fixed length control field | 110901s2013 nyua frd 001 0 eng d |
| 010 ## - LIBRARY OF CONGRESS CONTROL NUMBER | |
| LC control number | 2011937980 |
| 020 ## - INTERNATIONAL STANDARD BOOK NUMBER | |
| International Standard Book Number | 1133277624 |
| 020 ## - INTERNATIONAL STANDARD BOOK NUMBER | |
| International Standard Book Number | 9781133277620 |
| 040 ## - CATALOGING SOURCE | |
| Original cataloging agency | DLC |
| Language of cataloging | eng |
| Transcribing agency | DLC |
| Modifying agency | EG-ScBUE |
| 042 ## - AUTHENTICATION CODE | |
| Authentication code | pcc |
| 050 00 - LIBRARY OF CONGRESS CALL NUMBER | |
| Classification number | TJ223.P76 |
| Item number | C69 2013 |
| 082 04 - DEWEY DECIMAL CLASSIFICATION NUMBER | |
| Edition number | 22 |
| Classification number | 629.895 |
| Item number | BOR |
| 100 1# - MAIN ENTRY--PERSONAL NAME | |
| Personal name | Borden, Terry R. |
| 9 (RLIN) | 40824 |
| 245 10 - TITLE STATEMENT | |
| Title | Technician's guide to programmable controllers / |
| Statement of responsibility, etc | Terry R. Borden, Richard A. Cox. |
| 250 ## - EDITION STATEMENT | |
| Edition statement | 6th ed., international ed. |
| 260 ## - PUBLICATION, DISTRIBUTION, ETC. (IMPRINT) | |
| Place of publication, distribution, etc | [Albany, N.Y.] : |
| Name of publisher, distributor, etc | Delmar, Cengage Learning, |
| Date of publication, distribution, etc | c.2013. |
| 300 ## - PHYSICAL DESCRIPTION | |
| Extent | xii, 468 p. : |
| Other physical details | ill. ; |
| Dimensions | 24 cm. |
| 500 ## - GENERAL NOTE | |
| General note | Rev. ed. of: Technician's guide to programmable controllers / Richard A. Cox, Terry R. Borden. c2007. 5th ed. |
| 500 ## - GENERAL NOTE | |
| General note | Index : p. 461-468. |
| 505 ## - FORMATTED CONTENTS NOTE | |
| Formatted contents note | 1. What is a Programmable Logic Controller (PLC)? -- 2. Understanding the Input/Output (I/O) -- Section. 3. Processor Unit -- 4. Memory Organization -- 5. Numbering Systems -- 6. Understanding and Using Ladder Diagrams -- 7. Relay Type Instructions -- 8. Programming a PLC -- 9. Programming Considerations -- 10. Program Control Instructions -- 11. Programming Timers -- 12. Programming Counters -- 13. Data Manipulation -- 14. Math Functions -- 15. Word and Array (file) Instructions -- 16. Sequencers -- 17. Process Control Signals, Scaling, and PID Instructions -- 18. Function Block Programming -- 19. Sequential Function Chart Programming -- 20. Structured Text Programming -- 21. Start Up and Troubleshooting -- 22. PLC Programming Examples |
| 520 ## - SUMMARY, ETC. | |
| Summary, etc | Provides readers with a comprehensive introduction to PLCs. This title discusses theory, hardware, instructions, programming, installation, startup, and troubleshooting in a way that is easy to understand and apply. |
| 650 #7 - SUBJECT ADDED ENTRY--TOPICAL TERM | |
| Topical term or geographic name as entry element | Programmable controllers. |
| Source of heading or term | BUEsh |
| 9 (RLIN) | 19072 |
| 651 ## - SUBJECT ADDED ENTRY--GEOGRAPHIC NAME | |
| Source of heading or term | BUEsh |
| 653 ## - INDEX TERM--UNCONTROLLED | |
| Resource For college | Engineering, Electrical |
| Arrived date list | August 2016 |
| 700 1# - ADDED ENTRY--PERSONAL NAME | |
| Personal name | Cox, Richard A. |
| 9 (RLIN) | 40825 |
| 856 42 - ELECTRONIC LOCATION AND ACCESS | |
| Materials specified | Publisher description |
| Uniform Resource Identifier | <a href="http://www.loc.gov/catdir/enhancements/fy1212/2011937980-d.html">http://www.loc.gov/catdir/enhancements/fy1212/2011937980-d.html</a> |
| 856 41 - ELECTRONIC LOCATION AND ACCESS | |
| Materials specified | Table of contents only |
| Uniform Resource Identifier | <a href="http://www.loc.gov/catdir/enhancements/fy1212/2011937980-t.html">http://www.loc.gov/catdir/enhancements/fy1212/2011937980-t.html</a> |
| 856 42 - ELECTRONIC LOCATION AND ACCESS | |
| Materials specified | Contributor biographical information |
| Uniform Resource Identifier | <a href="http://www.loc.gov/catdir/enhancements/fy1303/2011937980-b.html">http://www.loc.gov/catdir/enhancements/fy1303/2011937980-b.html</a> |
| 942 ## - ADDED ENTRY ELEMENTS (KOHA) | |
| Source of classification or shelving scheme | Dewey Decimal Classification |
| Edition | 22 |
| Call number prefix | 629.895 BOR |
| Withdrawn status | Item status | Source of classification or shelving scheme | Damaged status | Not for loan | Vendor | Home library | Current library | Shelving location | Date acquired | Source of acquisition | Cost, normal purchase price | Serial Enumeration / chronology | Total Checkouts | Full call number | Barcode | Date last seen | Cost, replacement price | Koha item type |
|---|---|---|---|---|---|---|---|---|---|---|---|---|---|---|---|---|---|---|
| Dewey Decimal Classification | Academic Bookshop | Central Library | Central Library | First floor | 23/08/2016 | Purchase | 632.00 | 9155 | 629.895 BOR | 000033172 | 15/07/2025 | 790.00 | Book - Borrowing |